Fr. Conceicao Rodrigues College of Engineering

Mastering Data Mining:The art and science of customer relationship management (Record no. 24719)

MARC details
000 -LEADER
fixed length control field 00397nam a2200157Ia 4500
082 ## - DEWEY DECIMAL CLASSIFICATION NUMBER
Classification number 62.3822
Item number BER
100 ## - MAIN ENTRY--PERSONAL NAME
Personal name Berry/Michael/J.A
245 ## - TITLE STATEMENT
Title Mastering Data Mining:The art and science of customer relationship management
260 ## - PUBLICATION, DISTRIBUTION, ETC.
Name of publisher, distributor, etc. Cambridge University
Date of publication, distribution, etc. 2002
366 ## - TRADE AVAILABILITY INFORMATION
Publishers's discount category 25
300 ## - PHYSICAL DESCRIPTION
Extent 612
546 ## - LANGUAGE NOTE
Language note ENGLISH
-- electronics
650 ## - SUBJECT ADDED ENTRY--TOPICAL TERM
Topical term or geographic name entry element Data Mining
942 ## - ADDED ENTRY ELEMENTS (KOHA)
Koha item type BOOK
Holdings
Withdrawn status Lost status Damaged status Not for loan Collection Home library Current library Date acquired Source of acquisition Cost, normal purchase price Inventory number Total Checkouts Full call number Barcode Date last seen Cost, replacement price Price effective from Koha item type
        CRC Fr. Agnel's C.Rodrigues College of Engineering Fr. Agnel's C.Rodrigues College of Engineering 17/03/2023 Allied Publishers 314.25 2222 dt 09/09/2010   62.3822 BER 21015 17/03/2023 419.00   BOOK